La esperanza cristiano a la luz de las enseñanzas bíblicas (Record no. 141343)

MARC details
000 -LEADER
campo de control de longitud fija 00706nam a2200217 i 4500
001 - NÚMERO DE CONTROL
campo de control 141343
003 - IDENTIFICADOR DE NÚMERO DE CONTROL
campo de control ES-MaACL
005 - FECHA Y HORA DE LA ÚLTIMA TRANSACCIÓN
campo de control 20230906200256.0
007 - CAMPO FIJO DE DESCRIPCIÓN FÍSICA--INFORMACIÓN GENERAL
campo de control de longitud fija t|
008 - DATOS DE LONGITUD FIJA--INFORMACIÓN GENERAL
campo de control de longitud fija 070921s1957 sp ||||1| spa d
080 ## - NÚMERO DE LA CLASIFICACIÓN DECIMAL UNIVERSAL
Número de la Clasificación Decimal Universal 241.512
100 1# - ENTRADA PRINCIPAL--NOMBRE DE PERSONA
Nombre de persona Villares, Justo de.
9 (RLIN) 115115
245 13 - MENCIÓN DEL TÍTULO
Título La esperanza cristiano a la luz de las enseñanzas bíblicas
Resto del título : "Sursum corda" /
Mención de responsabilidad, etc. Justo de Villares.
260 ## - PUBLICACIÓN, DISTRIBUCIÓN, ETC.
Lugar de publicación, distribución, etc. [Pamplona] :
Nombre del editor, distribuidor, etc. Desclée de Brouwer,
Fecha de publicación, distribución, etc. 1957.
300 ## - DESCRIPCIÓN FÍSICA
Extensión 212 p. :
Otras características físicas il. ;
Dimensiones 19 cm.
490 1# - MENCIÓN DE SERIE
Mención de serie Colección Spiritus ;
Designación de volumen o secuencia 13
650 ## - PUNTO DE ACCESO ADICIONAL DE MATERIA--TÉRMINO DE MATERIA
Término de materia o nombre geográfico como elemento de entrada Esperanza-
Subdivisión general Aspectos religiosos.
9 (RLIN) 12498
830 0# - PUNTO DE ACCESO ADICIONAL DE SERIE-TÍTULO UNIFORME
Título uniforme Colección Spiritus ;
Designación de volumen o secuencia 13
9 (RLIN) 220403
852 ## - LOCALIZACIÓN
Ubicación ES-MaACL
Número de control de estantería C-14443
Sublocalización o colección R.40551
Holdings
Estatus retirado Estado de pérdida Estado de daño No para préstamo Biblioteca de origen Biblioteca actual Ubicación en estantería Fecha de adquisición Fuente de adquisición Total de préstamos Signatura topográfica completa Código de barras Visto por última vez Precio de reemplazo Tipo de ítem Koha
        Biblioteca del Ateneo de Madrid Biblioteca del Ateneo de Madrid Ficheros 17/01/2008     C-14443 1147069 23/02/2023 23/02/2023 Libro impreso